Things that are Soft - Statistics

General Stats
  • This quiz has been taken 83 times
  • The average score is 11 of 22
Answer Stats
Clue Answer % Correct
Soda soft drink
100%
Sport that can be slow-pitch or fast-pitch softball
93%
Data and instructions that tell a computer how to run software
90%
Company that develops the above and owns LinkedIn and Skype Microsoft
71%
Genre of music exemplified by Fleetwood Mac's Rumours or Elton John's "Tiny Dancer" soft rock
66%
Frozen dairy dessert soft serve
66%
A sentimental weakness soft spot
66%
Type of clam, crab, or taco Soft-shell
60%
Tendons, ligaments, skin, fat, muscles, blood vessels, etc., but not bone soft tissue
56%
Method of cooking an egg soft boiled
53%
"Tainted Love" synthpop group Soft Cell
53%
Colgate-Palmolive product used to wash hands Softsoap
49%
Abilities like working with people, communication, and social intelligence necessary for suceeding at work soft skills
46%
Pine or spruce Softwood
43%
Indoor areas for kids to have fun, possibly including slides, foam blocks, and ball pits soft play
40%
Auntie Anne's product soft pretzel
31%
French video company that makes Assassin's Creed, Far Cry, and Just Dance Ubisoft
28%
Song covered by The Fugees about a man who is "strumming my pain with his fingers" "Killing Me Softly With His Song"
26%
Mantra of T. Roosevelt's foreign policy promoting gunboat diplomacy "Speak softly and carry a big stick"
16%
Criticism of Michael Dukakis expressed through the "Weekend Passes" and "Revolving Door" advertisements soft on crime
12%
Japanese conglomerate SoftBank
7%
Ray Bradbury story set in a nuclear wasteland "There Will Come Soft Rains"
1%
No matching quizzes found
Score Distribution
Percent of People with Each Score
Percentile by Number Answered
Your Score History
You have not taken this quiz